Pathological Lesion Of Lung In Pig With Enzootic Pneumonia At Slaughterhouse in Kampot Province, បម្រែបម្រួលស្លាកស្នាមសួតជ្រូកដែលមានជំងឺ Enzootic Pneumonia នៅសត្តឃាតដ្ឋានខេត្តកំពត (Record no. 25542)
[ view plain ]
| 000 -LEADER | |
|---|---|
| fixed length control field | 00602nam a22001217a 4500 |
| 040 ## - CATALOGING SOURCE | |
| Transcribing agency | RUA |
| 082 ## - DEWEY DECIMAL CLASSIFICATION NUMBER | |
| Classification number | VEM CHH 2025 B705 Or. |
| 100 ## - MAIN ENTRY--AUTHOR NAME | |
| Personal name | CHHOEURN RATH,ឈឿន រ័ត្ន |
| 245 ## - TITLE STATEMENT | |
| Title | Pathological Lesion Of Lung In Pig With Enzootic Pneumonia At Slaughterhouse in Kampot Province, បម្រែបម្រួលស្លាកស្នាមសួតជ្រូកដែលមានជំងឺ Enzootic Pneumonia នៅសត្តឃាតដ្ឋានខេត្តកំពត |
| 260 ## - PUBLICATION, DISTRIBUTION, ETC. (IMPRINT) | |
| Place of publication | PHNOM PENH |
| Name of publisher | RUA |
| Year of publication | 2025 |
| 300 ## - PHYSICAL DESCRIPTION | |
| Number of Pages | ix,35p. |
| Other physical details | ill. |
| Dimensions | 29cm. |
| 942 ## - ADDED ENTRY ELEMENTS (KOHA) | |
| Koha item type | សារណាបទ |
| 952 ## - LOCATION AND ITEM INFORMATION (KOHA) | |
| Withdrawn status [LOCAL, KOHA] | 0 |
| 952 ## - LOCATION AND ITEM INFORMATION (KOHA) | |
| Withdrawn status [LOCAL, KOHA] | 0 |
| Permanent Location | Date acquired | Koha item type | Lost status | Shelving location | Barcode | Current Location | Full call number |
|---|---|---|---|---|---|---|---|
| Library Block B | 2026-03-10 | សារណាបទ | B705 | C034499 | Library Block B | VEM CHH 2025 B705 Or.1 | |
| Library Block B | 2026-03-10 | សារណាបទ | B705 | C034534 | Library Block B | VEM CHH 2025 B705 Or.2 |